000 02432cad a22002535a 4500
001 L149059
008 091217s2008 xxk f 000 0 eng d
020 _a9781841127743
035 _a(Sirsi) u149059
041 0 _aeng
050 0 4 _a333.33
100 1 _aBarrow, Colin
245 0 4 _aThe global property investor's toolkit : a sourcebook for successful decision making
_h[electronic resource]
260 _aLondon
_bJohn Wiley & Sons Ltd
_c2008
300 _aeBook
505 2 _aChapter 1 Why Buy More Property? -- Chapter 2 Why Buy Abroad? -- Chapter 3 The World Property Markets - Segments and Drivers -- Chapter 4 It's a Global World - The Coming of Capitalism -- Chapter 5 Factors that Drive Property Yields and Returns -- Chapter 6 Evaluating Economies -- Chapter 7 Checking the Local Environment -- Chapter 8 Getting To and Fro -- Chapter 9 Money Matters -- Chapter 10 Researching the Legal Environment -- Chapter 11 Tourism Potential -- Chapter 12 Property Performance and Appraisal: Narrowing Down your Choice of Country -- Chapter 13 Using an Estate Agent/Broker/Realtor -- Chapter 14 Finding a Property Yourself -- Chapter 15 Finding a Lawyer -- Chapter 16 Undertaking Surveys -- Chapter 17 Renting Before You Buy and Other Non-Ownership Options -- Chapter 18 Climate Matters -- Chapter 19 Language Matters -- Chapter 20 Getting Around the Country -- Chapter 21 Moving your Effects -- Chapter 22 Renovating and Building -- Chapter 23 Going into the Rental Business -- Chapter 24 Staying in Touch with Home
520 _aAn eBook about how real estate investors and speculators can take their business global. The real estate boom has gone global, and those successful investors who want to keep up their profits are starting to look at emerging markets on other continents. Markets in South America, Eastern Europe, India, and Asia are currently experiencing the rapid growth that mature domestic markets experienced a few years ago. Based on the author's personal experience buying and selling dozens of overseas properties, this book provides all the relevant data investors need to evaluate properties and markets anywhere in the world.
590 _aKA NTK
650 2 4 _aEBOOK
651 4 _aInternational
690 _aPROPERTY-COMMERCIAL PROPERTY-COMMERCIAL PROPERTY MARKET
856 4 0 _uhttps://www.vlebooks.com/
_zView on VLEbooks. Logins for members only from [email protected]
942 _n0
_2ddc
999 _c110355
_d110355